| 000 | 00618nam a2200181 a 4500 | ||
|---|---|---|---|
| 005 | 20140310183356.0 | ||
| 008 | 130326s19uu xx 00 eng d | ||
| 020 | _a9781441123244 | ||
| 050 |
_aPN 441 _b.W65 2010 |
||
| 100 | _aWolfreys, Julian | ||
| 245 |
_aLiterature, in theory : _btropes, subjectivities, responses & responsibilities / _cJulian Wolfreys. |
||
| 260 |
_aLondon : _bContinuum, _c2010. |
||
| 300 |
_a306 p. : _c23 cm. |
||
| 500 | _aIncludes bibliographical references (p. [285]-299) and index | ||
| 650 |
_aLiterature _xHistory and criticism _xTheory, etc |
||
| 942 |
_cBK _2lcc _kFOR |
||
| 999 |
_c22238 _d22238 |
||